书目信息 |
| 题名: |
旅行社安全管理实务
|
|
| 作者: | ;中国 编 | |
| 分册: | ||
| 出版信息: | 北京 中国旅游出版社 2012 |
|
| 页数: | 167页 | |
| 开本: | 21cm | |
| 丛书名: | 旅游安全管理培训系列丛书 | |
| 单 册: | ||
| 中图分类: | F590.654 , F590.63 , F590 | |
| 科图分类: | ||
| 主题词: | 旅行社--企业管理--安全管理 | |
| 电子资源: | ||
| ISBN: | 978-7-5032-4218-2 | |
| 000 | 01109nam 2200277 450 | |
| 001 | 2360869576 | |
| 005 | 20231211165445.44 | |
| 010 | @a978-7-5032-4218-2@dCNY20.00 | |
| 100 | @a20120204d2012 em y0chiy50 ea | |
| 101 | 0 | @achi |
| 102 | @aCN@b110000 | |
| 105 | @ay a 000yy | |
| 200 | 1 | @a旅行社安全管理实务@Alv xing she an quan guan li shi wu@f中华人民共和国国家旅游局编 |
| 210 | @a北京@c中国旅游出版社@d2012 | |
| 215 | @a167页@d21cm | |
| 225 | 2 | @a旅游安全管理培训系列丛书@Alv you an quan guan li pei xun xi lie cong shu |
| 320 | @a有书目 (第163-165页) | |
| 330 | @a本书是一本体系完善、知识新颖、实用性强的旅行社安全培训教材。它对旅行社安全的组织管理、旅行社安全事故的预防与处置、旅行社的产品安全管理、旅行社的采购安全管理、旅行社的营销安全管理、旅行社的财务安全管理和相关的法律、法规进行了系统地介绍。 | |
| 410 | 0 | @12001 @a旅游安全管理培训系列丛书 |
| 606 | 0 | @a旅行社@x企业管理@x安全管理 |
| 690 | @aF590.654@v5 | |
| 690 | @aF590.63@v5 | |
| 690 | @aF590@v4 | |
| 711 | 10 | @a中国@Azhong guo@b国家旅游局@Bguo jia lv you ju@4编 |
| 801 | 0 | @aCN@b湖北三新@c20120314 |
| 905 | @aZUCC@dF590@e57 | |
| 旅行社安全管理实务/中华人民共和国国家旅游局编.-北京:中国旅游出版社,2012 |
| 167页;21cm.-(旅游安全管理培训系列丛书) |
| ISBN 978-7-5032-4218-2:CNY20.00 |
| 本书是一本体系完善、知识新颖、实用性强的旅行社安全培训教材。它对旅行社安全的组织管理、旅行社安全事故的预防与处置、旅行社的产品安全管理、旅行社的采购安全管理、旅行社的营销安全管理、旅行社的财务安全管理和相关的法律、法规进行了系统地介绍。 |
| ● |
| 相关链接 |
|
|
|
正题名:旅行社安全管理实务
索取号:F590/57
 
预约/预借
| 序号 | 登录号 | 条形码 | 馆藏地/架位号 | 状态 | 备注 |
| 1 | 2001442641 | 2001442641 | 506书库/ [索取号:F590/57] | 在馆 | |
| 2 | 2001442642 | 2001442642 | 506书库/ [索取号:F590/57] | 在馆 | |
| 3 | 2001442643 | 2001442643 | 506书库/ [索取号:F590/57] | 在馆 | |
| 4 | 2001442644 | 2001442644 | 506书库/ [索取号:F590/57] | 在馆 | |
| 5 | 2001442645 | 2001442645 | 503书库/ [索取号:F590/57] | 在馆 | |
| 6 | 2001442646 | 2001442646 | 505书库/ [索取号:F590/57] | 在馆 | |
| 7 | 2001442647 | 2001442647 | 510书库/ [索取号:F590/57] | 在馆 | |
| 8 | 2001442648 | 2001442648 | 510书库/ [索取号:F590/57] | 在馆 | |
| 9 | 2001442649 | 2001442649 | 510书库/ [索取号:F590/57] | 在馆 | |
| 10 | 2001442650 | 2001442650 | 503书库/ [索取号:F590/57] | 在馆 | |
| 11 | 2001442651 | 2001442651 | 503书库/ [索取号:F590/57] | 在馆 | |
| 12 | 2001442652 | 2001442652 | 503书库/ [索取号:F590/57] | 在馆 | |
| 13 | 2001442653 | 2001442653 | 503书库/ [索取号:F590/57] | 在馆 | |
| 14 | 2001442654 | 2001442654 | 506书库/ [索取号:F590/57] | 在馆 | |
| 15 | 2001442655 | 2001442655 | 315书库/ [索取号:F590/57] | 在馆 | |
| 16 | 2001442656 | 2001442656 | 315书库/ [索取号:F590/57] | 在馆 | |
| 17 | 2001442657 | 2001442657 | 315书库/ [索取号:F590/57] | 在馆 | |
| 18 | 2001442658 | 2001442658 | 315书库/ [索取号:F590/57] | 在馆 | |
| 19 | 2001442659 | 2001442659 | 315书库/ [索取号:F590/57] | 在馆 | |
| 20 | 2001442660 | 2001442660 | 315书库/ [索取号:F590/57] | 在馆 | |
| 21 | 2001442661 | 2001442661 | 505书库/ [索取号:F590/57] | 在馆 | |
| 22 | 2001442662 | 2001442662 | 503书库/ [索取号:F590/57] | 在馆 | |
| 23 | 2001442663 | 2001442663 | 506书库/ [索取号:F590/57] | 在馆 | |
| 24 | 2001442664 | 2001442664 | 505书库/ [索取号:F590/57] | 在馆 | |
| 25 | 2001442665 | 2001442665 | 505书库/ [索取号:F590/57] | 在馆 | |
| 26 | 2001442666 | 2001442666 | 505书库/ [索取号:F590/57] | 在馆 | |
| 27 | 2001442667 | 2001442667 | 505书库/ [索取号:F590/57] | 在馆 | |
| 28 | 2001442668 | 2001442668 | 510书库/ [索取号:F590/57] | 在馆 | |
| 29 | 2001442669 | 2001442669 | 510书库/ [索取号:F590/57] | 在馆 | |
| 30 | 2001442670 | 2001442670 | 510书库/ [索取号:F590/57] | 在馆 |